| 000 | 01541cam a22004454i 4500 | ||
|---|---|---|---|
| 003 | PE-LiUPU | ||
| 005 | 20250731184547.0 | ||
| 008 | 150625s1917 sp a r 000 0 spa d | ||
| 035 | _a(Sirsi) a32086 | ||
| 040 |
_aPE-LiUPU _bspa _cPE-LiUPU _erda |
||
| 049 | _aPRUA | ||
| 082 | 0 | 4 |
_a932.01 _bO51 _221 |
| 100 | 1 |
_aOncken, Guillermo, _eautor. |
|
| 245 | 1 | 0 |
_aHistoria universal : _bprehistoria y origenes de la civilizacion / _cGuillermo Oncken. |
| 264 | 1 |
_aBarcelona : _bMontaner y Simón, _c1917. |
|
| 300 |
_a506 páginas : _bilustraciones ; _c24 centímetros |
||
| 336 |
_atext _2rdacontent |
||
| 337 |
_aunmediated _2rdamedia |
||
| 338 |
_avolume _2rdacarrier |
||
| 505 | 0 | _aIntroducción -- El país de los Faraones -- Antiguo Egipto,idioma,cultura. | |
| 526 | _aP136 | ||
| 526 | _aP135 | ||
| 526 | _aP134 | ||
| 526 | _aP133 | ||
| 526 | _aP144 | ||
| 526 | _aP143 | ||
| 526 | _aP87 | ||
| 526 | _aP35 | ||
| 526 | _aP20 | ||
| 526 | _aP14 | ||
| 526 | _aP10 | ||
| 526 | _aP06 | ||
| 910 |
_adbm _bncf _cncf _d20190520 |
||
| 942 |
_2ddc _cBOOK |
||
| 949 |
_a932.01 O51 1 _wDEWEY _c1 _i16218 _lCCODEBUL1 _mBUL _p00.00 _r0 _sY _tBOOK _u2015-06-25 _xBIBLIOTECA _zUNKNOWN _0COMPRA _o.STAFF. Colección General |
||
| 994 |
_aC0 _bPEPRU |
||
| 596 | _a1 | ||
| 999 |
_a932.01 O51 1 _wDEWEY _c39706 _i16218 _d39706 _e2017-10-31 _f2021-11-8 _g5 _lCCODEBUL1 _mBUL _n2 _p20.00 _q7 _r0 _sY _tBOOK _u2015-6-25 _xBIBLIOTECA _PP20 _0COMPRA _o.STAFF. Colección General |
||
| 980 |
_81 _gALBERTO SANCHEZ Responsable de Automatización |
||